| 000 | 01644cam a22003371a 4500 | ||
|---|---|---|---|
| 999 |
_c3370 _d3370 |
||
| 003 | EG-ScBUE | ||
| 005 | 20200108131111.0 | ||
| 008 | 190729r20061997enk f b 001 0deng d | ||
| 020 | _a9780521035347 | ||
| 020 | _a0521035341 | ||
| 040 |
_aEG-ScBUE _beng _erda _cEG-ScBUE _dEG-ScBUE |
||
| 082 | 0 | 4 |
_a809.915 _bBEL _222 |
| 100 | 1 |
_aBell, Michael, _d1941- _eauthor. |
|
| 245 | 1 | 0 |
_aLiterature, modernism and myth : _bbelief and responsibility in the twentieth century / _cMichael Bell, professor of English literature, University of Warwick. |
| 250 | _aReprinted edition. | ||
| 264 | 1 |
_aCambridge : _bCambridge Univ. Press, _c2006. |
|
| 300 |
_aviii, 260 pages ; _c24 cm |
||
| 336 |
_2rdacontent _atext _btxt |
||
| 337 |
_2rdamedia _aunmediated _bn |
||
| 338 |
_2rdacarrier _avolume _bnc |
||
| 504 | _aIncludes bibliographical references and index. | ||
| 520 | _aModernist literature discovered through myth an underlying metaphysic to an increasingly fragmented world. Michael Bell's study shows how modernists also used myth to emphasize the contingency of all values. This anti-foundational element, Bell claims, enables myth to act as a corrective to the political claims of ideological critique. | ||
| 590 | _amahmoud sami | ||
| 650 | 7 |
_aLiterature, Modern _y20th century _xHistory and criticism. _2BUEsh |
|
| 650 | 7 |
_aMyth in literature. _2BUEsh |
|
| 653 |
_bHHUUEENN _cJanuary2020 |
||
| 655 | _vReading book | ||
| 856 | 4 | 1 |
_3Table of contents _uhttp://www.loc.gov/catdir/toc/cam023/96014205.html |
| 856 | 4 | 1 |
_3Publisher description _uhttp://www.loc.gov/catdir/description/cam027/96014205.html |
| 942 |
_cBB _k809.915B4131 _2ddc |
||